| 000 | 01385nab a2200241 a 4500 | ||
|---|---|---|---|
| 005 | 20250203074432.0 | ||
| 007 | ta | ||
| 008 | 250203edr dr |||||r||||||0| 0 spa d | ||
| 040 |
_aDO-SdBNP _cDO-SdBNP _erda |
||
| 041 | _hspa | ||
| 100 |
_aMateo, Felíx _986936 |
||
| 245 |
_aEconomía del gas natural líquido / _cFelíx Mateo. |
||
| 264 |
_aSanto Domingo, República Dominicana : _bRevista GEM, _c2013. |
||
| 300 |
_apáginas 11 ; _c27 cm. |
||
| 336 |
_atexto _btxt _2rdacontent |
||
| 337 |
_asin mediación _bn _2rdamedia |
||
| 338 |
_avolumen _bnc _2rdacarrier |
||
| 362 | _aAño 1, No.1. Diciembre 2013. | ||
| 521 | _aLas fuentes energéticas a bajo costo son vitales para el desarrollo económico de los sectores productivos y la prosperidad de una nación; estos sectores para ser competitivos buscan alternativas más económicas que le permitan un mejor posicionamiento en el mercado. En las últimas décadas el consumo de Gas Natural se ha mantenido creciendo por la fuerte demanda y además se debe a sus bondades económicas, ambientales y a su alta eficiencia energética; razones que nos obligan a tratar más profundamente las interioridades y características de este combustible. | ||
| 650 | 0 |
_aGas natural líquido _986937 _vPublicaciones periódicas _zRepública Dominicana |
|
| 773 | 0 |
_058095 _9320241 _o2025-0579 _tGas Energía & Minas / |
|
| 942 |
_2ddc _cISSUE |
||
| 999 |
_c58099 _d58099 |
||